1535 1342 1401 1342 1006 1387 1576 1858 1082 1433 1647 1541 1224 1567 1364 1015 1454 1525 1890 1421 1293 1656 1353 1556 1157 1501 1836 1618 1386 1344 1855 1651 1718 1163 1043 1503 1392 1206 1673 1181 1752 1634 1725 1647 1436 1862 1350 1600 1688 1676 1348 1068 1338 1485 1037 1842 1348 1376 1728 1183 1014 1455 1557 1433 1819 1976 1288 1906 1318 1638 1057 1144 1956 1479 1544 1848 1708 1924 1358 1508 1465 1343 1528 1379 1640 1201 1496 1102 1867 1134 1243 1970 1284 1215 1250 1819 1208 1469 1410 BCNSPRNW ULIB Ver.6.0+V

เปลี่ยนเป็นภาษาไทย

Change to English
 แสดงรายละเอียดบรรณานุกรม
  กลับหน้าหลัก

Brief Record : Get Marc (ISO 2709) : E-mail record : QR code < ปิดหน้าต่าง
LEADER : 00000nam 2200000uu 4500
001    13399124431
003     ULIB
008    150713s2556||||th 000 0 tha d
020    ^a9789744226945
060 04 ^aQZ200^bผ931
245 00 ^aแผนการป้องกันและควบคุมโรคมะเร็งแห่งชาติ (พ.ศ.2556-2560) /^cคณะกรรมการจัดทำแผนป้องกันและควบคุมโรคมะเร็งแห่งชาติ กรมการแพทย์ กระทรวงสาธารณสุข
260    ^aกรุงเทพฯ :^bสถาบันมะเร็งแห่งชาติ,^c2556
300    ^a134 หน้า :^bภาพประกอบ
650  2 ^aNeoplasms^xprevention & control
650  4 ^aเนื้องอก^xการป้องกันและควบคุม
650  4 ^aมะเร็ง^xการป้องกันและควบคุม^zไทย
710 2  ^aคณะกรรมการจัดทำแผนป้องกันและควบคุมโรคมะเร็งแห่งชาติ
710 2  ^aสถาบันมะเร็งแห่งชาติ
945    ^p0^l0^i039537
999    ^aเกษร โพธิ์สุวรรณ
รายการนี้ยังไม่มีแท็ก
คุณยังไม่ได้ล็อกอิน คุณสามารถมีกิจกรรมร่วมกับเว็บไซต์ได้ แต่ต้องล็อกอินก่อน ::
  ล็อกอิน

รายการสื่อสารสนเทศ

ลำดับที่ ประเภท เลขเรียก/บาร์โค้ด สถานที่ สถานะ
1. วิทยาศาสตร์การแพทย์ และสุขภาพ
หนังสือสำรอง
สถานะ=หนังสือสำรอง
QZ200 ผ931 ฉ.1 
  Barcode: 039537
ห้องสมุดวิทยาเขตสวรรค์ประชารักษ์
►ส่วนจัดเก็บหนังสือเก่า สปร
บนชั้น
  ขอยืม

BibComment


ยังไม่เคยถูกคอมเมนท์

คอมเมนท์ทรัพยากรรายการนี้
  คอมเมนท์: แผนการป้องกันและ..


 Copyright 2026. Bcnsprnw @Library